Early Elizabethan England - Statistics

General Stats
  • This quiz has been taken 60 times
  • The average score is 8 of 15
Answer Stats
Question Answer % Correct
Which of the Following wasn't an Issue facing Elizabeth upon succession? Age
94%
Why was the Babington Plot so significant? It lead to the execution of Mary Queen of Scots
94%
Which of the Following weren't related to Elizabeth? Jane Seymour
94%
What wasn't a result of the Religious Settlement (1559) Mary Queen of Scots' Arrival in England
78%
Which of the following schools didn't exist during Elizabeth's early reign? State School
61%
What Year did Mary Queen of Scots arrive in England? 1568
56%
When was Mary Queen of Scots executed? Feb 8th 1587
56%
What is the Roanoke Colony more commonly known as? The Lost Colony
56%
Which of the Following Plots/Revolts lead to the execution of the Duke of Norfolk Ridolfi Plot
44%
How many Months did Drake's Raid on Cadiz setback the Spanish Armada in 1588? 12
39%
Why did Drake circumnavigate the Earth? To escape Spanish Ships seeking revenge for looting the New World
39%
How Much did England's population increase by during Elizabeth's reign? 3 Million
33%
Which of the Following had the least significant threat to Elizabeth's Reign Puritans
33%
Which Coastal French City did English Ships attack, where Sidonia's Troops were anchored during the Armada? Gravelines
22%
Which of the following didn't contribute to the failure of colonising Virginia Insufficient Transport Capacity (No-one to carry the boats)
17%
No matching quizzes found
Score Distribution
Percent of People with Each Score
Percentile by Number Answered
Your Score History
You have not taken this quiz